000 01493nam0a22003011 4500
001 rc\4732494
005 20260408083909.0
021 _aRU
_b[62-61857]
021 _aRU
_b[62-61720]
035 _a(NLR Aleph) 008733558
090 _a9490738
_c9490738
100 _a20130416d1962 |||y0rusy50 ca
101 0 _arus
102 _aRU
105 _ay z |||||
200 1 _aПрактическое пособие по бухгалтерскому учету в электросетях местных Советов РСФСР
_fМ-во коммун. хозяйства РСФСР. Гос. контора по рационализации и механизации учета "Гормашучет"
210 _aМосква
_cБ. и.
_d1962
215 _a143 с.
_d22
311 _aПрил.: Цифровой пример к Практическому пособию...., 1979
421 0 _11010#$arus
_12001#$aЦифровой пример к Практическому пособию...
_1210##$d1979
_1215##$a29 с.
_tЦифровой пример к Практическому пособию...
606 _aЭлектрические сети, коммунальные
_xУчет и отчетность
_2psbo
606 _aБухгалтерский учет
_2psbo
712 0 2 _a"Гормашучет", контора
_cМосква
_9848587
_3RU\NLR\AUTH\8810176197
801 0 _aRU
_bNLR
_gpsbo
801 1 _aRU
_bELAR
_2rusmarc
852 _aNLR
_j62-5/4419
942 _cBOOK
980 _aNB